LIBRARY & INFORMATION CENTRE, KCAET, TAVANUR

ONLINE PUBLIC ACCESS CATALOGUE (OPAC)

Normal view MARC view
  • Powar, Ashok G

Entry Personal Name

Number of records used in: 1

001 - CONTROL NUMBER

  • control field: 5032

003 - CONTROL NUMBER IDENTIFIER

  • control field: OSt

005 - DATE AND TIME OF LATEST TRANSACTION

  • control field: 20210914162807.0

008 - FIXED-LENGTH DATA ELEMENTS

  • fixed length control field: 210914|| aca||aabn | a|a d

040 ## - CATALOGING SOURCE

  • Original cataloging agency: OSt
  • Transcribing agency: OSt

100 ## - HEADING--PERSONAL NAME

  • Personal name: Powar, Ashok G

670 ## - SOURCE DATA FOUND

  • Source citation: Work cat.: (OSt)13764: Powar, Ashok G, Farm machinery and power glossary, 2021
free website counter